La palabra del mudo (Registro nro. 10005)
[ vista simple ]
| 000 -Cabecera | |
|---|---|
| Campo de control interno | 00423nam a2200181Ia 4500 |
| 005 - Fecha y hora del registro | |
| control field | 20260306161800.0 |
| 008 - Elementos de Longitud Fija | |
| fixed length control field | 260306t1973||||xx |||||||||||||| ||spa|| |
| 041 ## - Idioma | |
| Codigo Idioma | ESP |
| 082 ## - DEWEY y NOTACIÓN INTERNA | |
| Dewey | 869.56 |
| Notación Interna | R52 T. 2 |
| 100 ## - AUTOR | |
| Autor denominación | Ribeyro, Julio Ramon |
| Término de relación | autor |
| 245 #0 - TÍTULO DE MATERIAL BIBLIOGRÁFICO | |
| Título | La palabra del mudo |
| 260 ## - CIUDAD, EDITORIAL, AÑO | |
| Año | 1973 |
| 300 ## - DESCRIPCIÓN | |
| N° Páginas | 291 páginas : |
| Dimensiones | 21 cm. |
| 650 ## - TEMAS | |
| Temas | Generalidades |
| 654 ## - PROGRAMAS | |
| Programa | Dpto. de Humanidades |
| 942 ## - ELEMENTOS DE KOHA | |
| Tipo de documento | Libro |
| Nombre del creador | Justo Noguera |
| Código de catalogador | Justo Noguera |
| Esquema de clasificación | Dewey Decimal Classification |
| Suppress in OPAC | |
| Codigo completo | Registro | Colección | Copia número | Disponibilidad | Tipo de préstamo | Biblioteca Actual | Procedencia (Biblioteca) | Ubicacón | Fecha Ingreso | Tipo de Adquisición | Date last seen | Total checkouts | Price effective from | Tipo de Item | Estado del Material | Fuente de Clasificación | Damaged status | Withdrawn status |
|---|---|---|---|---|---|---|---|---|---|---|---|---|---|---|---|---|---|---|
| 869.56 R52 T. 2 | 1015043 | Universidad Católica San Pablo | 1 | Disponible | Disponible | Víctor Andrés Belaunde | Víctor Andrés Belaunde | Planta baja abierta | 03/06/2026 | Donación | 06/03/2026 | 06/03/2026 | Libro | Bueno | Dewey Decimal Classification |




